[Event "Gausdal Classics Elo"]
[Site "Gausdal NOR"]
[Date "2005.04.15"]
[Round "3"]
[White "Standal, Bard"]
[Black "Valla, Martin"]
[Result "0-1"]
[WhiteElo "1949"]
[BlackElo "2050"]
[PlyCount "94"]
[EventDate "2005.04.14"]
[EventType "swiss"]
[EventRounds "9"]
[EventCountry "NOR"]
[Source "lmi"]
[SourceDate "2005.04.22"]

1. e4 c6 2. d3 d5 3. Nd2 g6 4. g3 Bg7 5. Bg2 e5 6. Ngf3 Ne7 7. O-O O-O 8. Qe2
d4 9. Re1 c5 10. h3 Nbc6 11. Nf1 Qc7 12. Nh4 Be6 13. Nh2 Rac8 14. f4 f6 15. Rf1
b5 16. f5 Bf7 17. fxg6 hxg6 18. Ng4 Be6 19. Nh6+ Kh7 20. Ng4 c4 21. Bd2 Qd7 22.
Nf2 Qd6 23. Ng4 Qd7 24. Nf2 Qd6 25. Ng4 Nb4 26. Bxb4 Qxb4 27. Rab1 cxd3 28.
cxd3 Rc7 29. Rbc1 Rxc1 30. Rxc1 Bxa2 31. Rc7 a5 32. Qc2 Be6 33. Nf2 Rc8 34.
Rxc8 Bxc8 35. Nf3 Qd6 36. g4 Qc6 37. Qd2 b4 38. g5 Be6 39. gxf6 Bxf6 40. Nxd4
Qd6 41. Nxe6 Qxe6 42. Ng4 Kg7 43. Qf2 Nc8 44. Qc5 Qb6 45. Qxb6 Nxb6 46. b3 a4
47. bxa4 b3 0-1

[Event "Gausdal Classics Elo"]
[Site "Gausdal NOR"]
[Date "2005.04.15"]
[Round "3"]
[White "Tjolsen, Katrine"]
[Black "Bryn, Askild"]
[Result "0-1"]
[WhiteElo "1361"]
[BlackElo "2027"]
[PlyCount "64"]
[EventDate "2005.04.14"]
[EventType "swiss"]
[EventRounds "9"]
[EventCountry "NOR"]
[Source "lmi"]
[SourceDate "2005.04.22"]

1. c4 Nf6 2. Nc3 g6 3. e4 e5 4. Nf3 Nc6 5. d4 exd4 6. Nxd4 Bg7 7. Nb3 O-O 8.
Be2 Re8 9. f3 d6 10. Be3 a5 11. Rc1 Nd7 12. O-O f5 13. Qd2 Nf6 14. Bd3 Ne5 15.
Nd4 Nxd3 16. Qxd3 fxe4 17. fxe4 Ng4 18. Bd2 Ne5 19. Qe2 Bg4 20. Nf3 Rf8 21. Nd5
Nxf3+ 22. gxf3 Bh3 23. Rfe1 Bxb2 24. Rb1 Bd4+ 25. Be3 Qg5+ 26. Kh1 Bxe3 27.
Nxe3 Rf7 28. Rg1 Qh5 29. Rg3 c6 30. c5 dxc5 31. Qc4 b5 32. Qe2 Be6 0-1

[Event "Gausdal Classics Elo"]
[Site "Gausdal NOR"]
[Date "2005.04.17"]
[Round "5"]
[White "Andersen, Guttorm"]
[Black "Aandal, Kristian"]
[Result "0-1"]
[WhiteElo "1284"]
[BlackElo "1918"]
[PlyCount "72"]
[EventDate "2005.04.14"]
[EventType "swiss"]
[EventRounds "9"]
[EventCountry "NOR"]
[Source "lmi"]
[SourceDate "2005.04.22"]

1. d4 Nf6 2. c4 e6 3. Nc3 c5 4. d5 exd5 5. cxd5 d6 6. e4 g6 7. f4 Bg7 8. Bb5+
Nbd7 9. e5 dxe5 10. fxe5 Nh5 11. e6 Qh4+ 12. g3 Nxg3 13. hxg3 Qxh1 14. Be3
Bxc3+ 15. bxc3 a6 16. exd7+ Bxd7 17. Bxd7+ Kxd7 18. Qb3 b5 19. c4 Rhe8 20.
O-O-O Re4 21. cxb5 Rb4 22. Qc3 Qe4 23. Kd2 axb5 24. a3 Rc4 25. Qb2 b4 26. axb4
cxb4 27. Qb1 Qe5 28. Ne2 Re4 29. Qd3 Ra2+ 30. Ke1 Rxe3 31. Qb5+ Kd8 32. Qb6+
Ke8 33. Qb5+ Kf8 34. Qxb4+ Kg8 35. Qf4 Raxe2+ 36. Kf1 Re1+ 0-1

[Event "Gausdal Classics Elo"]
[Site "Gausdal NOR"]
[Date "2005.04.17"]
[Round "5"]
[White "Ayoub, Paul"]
[Black "Johansson, Per"]
[Result "0-1"]
[WhiteElo "1180"]
[BlackElo "2048"]
[PlyCount "71"]
[EventDate "2005.04.14"]
[EventType "swiss"]
[EventRounds "9"]
[EventCountry "NOR"]
[Source "lmi"]
[SourceDate "2005.04.22"]

1. e4 c6 2. Nf3 d5 3. exd5 cxd5 4. d4 Nf6 5. Bb5+ Bd7 6. Nc3 e6 7. Bxd7+ Nbxd7
8. Bg5 Qb6 9. b3 Bb4 10. Bd2 Rc8 11. Na4 Bxd2+ 12. Qxd2 Qc6 13. Rc1 Ne4 14. Qd3
b5 15. Nb2 Nc3 16. Ra1 b4 17. Nd1 Nxd1 18. Kxd1 Qb6 19. Rc1 Rc3 20. Qd2 Qa5 21.
Ra1 O-O 22. h3 Rfc8 23. Ne1 Nb8 24. a4 bxa3 25. Ra2 Na6 26. Nd3 Nb4 27. Nxb4
Qxb4 28. Re1 a5 29. Re3 R3c7 30. Re2 Kf8 31. Qd3 g6 32. Rd2 Rc3 33. Qe2 a4 34.
Rd3 axb3 35. Rxc3 Rxc3 36. Qd2 0-1

[Event "Gausdal Classics Elo"]
[Site "Gausdal NOR"]
[Date "2005.04.17"]
[Round "5"]
[White "Bryn, Askild"]
[Black "Valla, Martin"]
[Result "1-0"]
[WhiteElo "2027"]
[BlackElo "2050"]
[PlyCount "63"]
[EventDate "2005.04.14"]
[EventType "swiss"]
[EventRounds "9"]
[EventCountry "NOR"]
[Source "lmi"]
[SourceDate "2005.04.22"]

1. e4 c6 2. d4 d5 3. f3 dxe4 4. fxe4 e5 5. Nf3 Be6 6. c3 Nd7 7. Ng5 exd4 8.
cxd4 h6 9. Nf3 Ngf6 10. Nc3 Bb4 11. Qc2 Qa5 12. Bd2 O-O 13. a3 Nb6 14. Rc1 Bxc3
15. Bxc3 Qh5 16. Bd3 Rae8 17. Bb4 c5 18. Bxc5 Rc8 19. Qd2 Rfe8 20. Bxb6 Rxc1+
21. Qxc1 axb6 22. O-O Bg4 23. Qf4 Bxf3 24. Rxf3 Qg4 25. Qxg4 Nxg4 26. e5 Rd8
27. h3 Rxd4 28. hxg4 Rxg4 29. b3 Rg5 30. Bc4 Rxe5 31. Rxf7 b5 32. Re7+ 1-0

[Event "Gausdal Classics Elo"]
[Site "Gausdal NOR"]
[Date "2005.04.17"]
[Round "5"]
[White "Bue, Gunnar"]
[Black "Carlsen, Ellen Oen"]
[Result "1/2-1/2"]
[WhiteElo "1925"]
[BlackElo "1871"]
[PlyCount "29"]
[EventDate "2005.04.14"]
[EventType "swiss"]
[EventRounds "9"]
[EventCountry "NOR"]
[Source "lmi"]
[SourceDate "2005.04.22"]

1. e4 e5 2. Nf3 Nc6 3. Bb5 a6 4. Ba4 Nf6 5. O-O Bc5 6. Bxc6 dxc6 7. d3 Bd6 8.
Bg5 O-O 9. Nbd2 Bg4 10. h3 Bh5 11. g4 Bg6 12. Nc4 Re8 13. c3 Qd7 14. Bxf6 gxf6
15. Nxd6 1/2-1/2

[Event "Gausdal Classics Elo"]
[Site "Gausdal NOR"]
[Date "2005.04.17"]
[Round "5"]
[White "Nyland, Thomas"]
[Black "Schaefer, Alexander"]
[Result "0-1"]
[WhiteElo "2090"]
[BlackElo "2030"]
[PlyCount "78"]
[EventDate "2005.04.14"]
[EventType "swiss"]
[EventRounds "9"]
[EventCountry "NOR"]
[Source "lmi"]
[SourceDate "2005.04.22"]

1. e4 c5 2. Nf3 e6 3. Nc3 Nc6 4. Bb5 a6 5. Bxc6 bxc6 6. O-O d5 7. d3 Nf6 8. Bf4
Be7 9. Re1 O-O 10. h3 a5 11. exd5 cxd5 12. Nb5 Bd7 13. a4 Bxb5 14. axb5 d4 15.
c4 dxc3 16. bxc3 Nd5 17. Bd2 Bf6 18. Qb3 Nb6 19. Qc2 Qd7 20. Reb1 Rfd8 21. Ne1
c4 22. d4 a4 23. Nf3 Ra5 24. Qb2 Nd5 25. b6 Rb8 26. b7 Qc7 27. Qa2 a3 28. Ne5
Bxe5 29. dxe5 h6 30. f4 Rxb7 31. Rxb7 Qxb7 32. Qxc4 Qb2 33. Ra2 Qb1+ 34. Kh2
Nb6 35. Qb4 Qxa2 36. Qxa5 Qxd2 37. Qxb6 Qxf4+ 38. g3 Qd2+ 39. Kg1 a2 0-1

[Event "Gausdal Classics Elo"]
[Site "Gausdal NOR"]
[Date "2005.04.17"]
[Round "5"]
[White "Schnabel, Ralf"]
[Black "Hobber, Anders"]
[Result "1-0"]
[WhiteElo "2184"]
[BlackElo "1186"]
[PlyCount "39"]
[EventDate "2005.04.14"]
[EventType "swiss"]
[EventRounds "9"]
[EventCountry "NOR"]
[Source "lmi"]
[SourceDate "2005.04.22"]

1. e4 e6 2. d4 d5 3. Nd2 dxe4 4. Nxe4 Nf6 5. Nxf6+ Qxf6 6. Nf3 h6 7. Bd3 c5 8.
O-O Nc6 9. Be3 cxd4 10. Nxd4 Bd7 11. Nb5 Rc8 12. c3 a6 13. Nd4 Bc5 14. Nf5 Bf8
15. Re1 e5 16. Ng3 Qd8 17. Qf3 Be7 18. Rad1 Qc7 19. Nh5 g6 20. Bxg6 1-0

[Event "Gausdal Classics Elo"]
[Site "Gausdal NOR"]
[Date "2005.04.17"]
[Round "5"]
[White "Standal, Bard"]
[Black "Svensen, Tarjei Joten"]
[Result "0-1"]
[WhiteElo "1949"]
[BlackElo "2099"]
[PlyCount "110"]
[EventDate "2005.04.14"]
[EventType "swiss"]
[EventRounds "9"]
[EventCountry "NOR"]
[Source "lmi"]
[SourceDate "2005.04.22"]

1. e4 e6 2. d3 d5 3. Nd2 c5 4. Ngf3 Nc6 5. g3 Bd6 6. Bg2 Nge7 7. O-O O-O 8. Re1
f6 9. c3 Bd7 10. Qe2 Be8 11. Bh3 Bf7 12. Nf1 d4 13. c4 e5 14. Nh4 Qc7 15. Nf5
Nxf5 16. Bxf5 Rab8 17. b3 a6 18. h4 b5 19. h5 bxc4 20. bxc4 Kh8 21. Nh2 Qa5 22.
Bd2 Qa3 23. Bd7 Nb4 24. Bxb4 Rxb4 25. Rab1 Rfb8 26. Rxb4 Rxb4 27. Rd1 Qc3 28.
Rd2 Rb1+ 29. Nf1 Qa1 30. Bg4 Re1 31. Rd1 Rxd1 32. Qxd1 Qxa2 33. Bd7 Qa5 34. g4
g6 35. Ng3 Kg8 36. Kg2 Bf8 37. Qf3 Qd8 38. Ba4 Bh6 39. hxg6 hxg6 40. Qe2 Qb6
41. Qc2 Be6 42. f3 Be3 43. Qb3 Qxb3 44. Bxb3 Bd7 45. Kf1 a5 46. Ke2 a4 47. Ba2
Bf4 48. Nf1 Kg7 49. Nd2 Bxd2 50. Kxd2 Kh6 51. Ke2 Kg5 52. Kf2 Kf4 53. Bb1 a3
54. Ba2 Ba4 55. Ke2 Kg3 0-1

[Event "Gausdal Classics Elo"]
[Site "Gausdal NOR"]
[Date "2005.04.17"]
[Round "5"]
[White "Tallaksen, Levi Andre"]
[Black "Forsaa, Espen"]
[Result "1/2-1/2"]
[WhiteElo "1391"]
[BlackElo "2036"]
[PlyCount "174"]
[EventDate "2005.04.14"]
[EventType "swiss"]
[EventRounds "9"]
[EventCountry "NOR"]
[Source "lmi"]
[SourceDate "2005.04.22"]

1. d4 f5 2. c4 e6 3. Nf3 Nf6 4. Nc3 Be7 5. g3 O-O 6. Bg2 d6 7. O-O Ne4 8. Bd2
Bf6 9. e3 Nxd2 10. Qxd2 e5 11. dxe5 dxe5 12. Nd5 c6 13. Nxf6+ Qxf6 14. Rfd1 Be6
15. Qc3 Nd7 16. Rd6 Rf7 17. Rad1 Re8 18. b3 e4 19. Qxf6 Nxf6 20. Ng5 Rfe7 21.
Nxe6 Rxe6 22. Bh3 g6 23. Kf1 Rxd6 24. Rxd6 Kf7 25. Ke2 Ke7 26. Rd2 Rd8 27. Rxd8
Kxd8 28. Kd2 Kc7 29. Kc3 c5 30. a3 h5 31. b4 Kd6 32. Kd2 b6 33. Kc3 cxb4+ 34.
axb4 Kc6 35. Kb3 a5 36. Ka4 axb4 37. Kxb4 Nd7 38. Bf1 Nc5 39. Be2 Na6+ 40. Kc3
Kc5 41. Kb3 Nc7 42. Kc3 Ne6 43. h4 Ng7 44. Bf1 Ne8 45. Be2 Nf6 46. Kb3 Nd7 47.
f4 exf3 48. Bxf3 Ne5 49. Be2 Nf7 50. Kc3 Ne5 51. Kb3 Nd7 52. Kc3 Nf6 53. Bf3
Ne4+ 54. Bxe4 fxe4 55. Kb3 b5 56. cxb5 Kxb5 57. Kc3 Kc5 58. Kb3 Kd5 59. Kb4 Ke5
60. Kc4 Kf5 61. Kd5 Kg4 62. Kxe4 Kxg3 63. Kd5 Kxh4 64. e4 g5 65. e5 g4 66. e6
g3 67. e7 g2 68. e8=Q g1=Q 69. Qe4+ Qg4 70. Qh1+ Kg5 71. Qc1+ Qf4 72. Qg1+ Kh6
73. Qb6+ Kg5 74. Qg1+ Kh4 75. Qh1+ Kg4 76. Qg2+ Qg3 77. Qe4+ Kh3 78. Qh1+ Kg4
79. Qe4+ Qf4 80. Qg2+ Kf5 81. Qc2+ Kg5 82. Qg2+ Qg4 83. Qd2+ Kg6 84. Qd3+ Qf5+
85. Kd4 h4 86. Qxf5+ Kxf5 87. Ke3 Kg4 1/2-1/2

[Event "Gausdal Classics Elo"]
[Site "Gausdal NOR"]
[Date "2005.04.17"]
[Round "5"]
[White "Tjolsen, Katrine"]
[Black "Gupta, Sudhir"]
[Result "1-0"]
[WhiteElo "1361"]
[BlackElo "1412"]
[PlyCount "127"]
[EventDate "2005.04.14"]
[EventType "swiss"]
[EventRounds "9"]
[EventCountry "NOR"]
[Source "lmi"]
[SourceDate "2005.04.22"]

1. c4 Nf6 2. Nc3 e6 3. Nf3 d5 4. d4 c6 5. Bg5 h6 6. Bh4 Be7 7. e3 Nbd7 8. Rc1
O-O 9. Bd3 dxc4 10. Bxc4 Nb6 11. Bd3 Nfd5 12. Bxe7 Qxe7 13. O-O Rd8 14. Bb1
Nxc3 15. bxc3 Nd7 16. Qc2 f5 17. Rfe1 Nf6 18. Ne5 Bd7 19. f3 c5 20. e4 cxd4 21.
cxd4 Rac8 22. Qb3 Qd6 23. Rcd1 fxe4 24. fxe4 Qa6 25. Bd3 Qa4 26. Nxd7 Qxd7 27.
Bc4 Kf7 28. Rf1 Qc6 29. e5 Qxc4 30. Qxb7+ Qc7 31. Qf3 Qe7 32. Qh5+ Kg8 33. exf6
gxf6 34. Qg6+ Qg7 35. Rxf6 Qxg6 36. Rxg6+ Kh7 37. Rxe6 Rd7 38. d5 Kg7 39. d6
Rcd8 40. Kf2 Rf7+ 41. Ke3 Rf6 42. Rxf6 Kxf6 43. d7 Ke6 44. Ke4 Kf6 45. Rd6+ Ke7
46. Ke5 h5 47. Rh6 Rg8 48. Rh7+ Kd8 49. g3 Rg5+ 50. Kf6 Ra5 51. Kg6 Rxa2 52.
Rxh5 Kxd7 53. Rh7+ Ke6 54. g4 a5 55. h4 a4 56. Ra7 a3 57. g5 Ke5 58. h5 Kf4 59.
h6 Rd2 60. Rxa3 Rd6+ 61. Kh5 Rd2 62. Ra6 Kf5 63. Rf6+ Ke5 64. h7 1-0

[Event "Gausdal Classics Elo"]
[Site "Gausdal NOR"]
[Date "2005.04.18"]
[Round "6"]
[White "Aandal, Kristian"]
[Black "Schnabel, Ralf"]
[Result "1-0"]
[WhiteElo "1918"]
[BlackElo "2184"]
[PlyCount "59"]
[EventDate "2005.04.14"]
[EventType "swiss"]
[EventRounds "9"]
[EventCountry "NOR"]
[Source "lmi"]
[SourceDate "2005.04.22"]

1. d4 f5 2. Nc3 Nf6 3. Bg5 d5 4. Bxf6 exf6 5. e3 Be6 6. Qf3 Qd7 7. Bb5 Nc6 8.
Nge2 a6 9. Bd3 Nb4 10. Nf4 Nxd3+ 11. cxd3 Rd8 12. O-O Be7 13. Rfe1 O-O 14. h3
Rfe8 15. Rad1 Bf8 16. e4 fxe4 17. dxe4 dxe4 18. Rxe4 c6 19. d5 cxd5 20. Nfxd5
Qf7 21. Red4 Kh8 22. Qd3 b5 23. Nxf6 Qxf6 24. Rxd8 Rxd8 25. Qxd8 b4 26. Qxf6
gxf6 27. Nd5 Kg7 28. b3 a5 29. Nb6 Bf7 30. Rd8 1-0

[Event "Gausdal Classics Elo"]
[Site "Gausdal NOR"]
[Date "2005.04.18"]
[Round "6"]
[White "Andersen, Guttorm"]
[Black "Nyland, Thomas"]
[Result "0-1"]
[WhiteElo "1284"]
[BlackElo "2090"]
[PlyCount "84"]
[EventDate "2005.04.14"]
[EventType "swiss"]
[EventRounds "9"]
[EventCountry "NOR"]
[Source "lmi"]
[SourceDate "2005.04.22"]

1. d4 Nf6 2. c4 c5 3. d5 e6 4. Nc3 exd5 5. cxd5 d6 6. e4 g6 7. f4 Bg7 8. Nf3
O-O 9. Be2 Re8 10. e5 dxe5 11. fxe5 Ng4 12. O-O Nxe5 13. Bf4 Nxf3+ 14. Bxf3 Be5
15. Bxe5 Rxe5 16. d6 Nc6 17. Re1 Rxe1+ 18. Qxe1 Qxd6 19. Rd1 Nd4 20. Qe8+ Qf8
21. Qe3 Nxf3+ 22. Qxf3 Rb8 23. Ne4 Bf5 24. Nf6+ Kh8 25. Qc3 Qg7 26. Rd6 Be6 27.
g4 g5 28. Rd3 Rc8 29. Rh3 h6 30. Rh5 Qg6 31. b3 Kg7 32. Nd5+ f6 33. Ne3 Qe4 34.
Rh3 Bxg4 35. Rg3 Be6 36. Qd2 f5 37. Ng2 Qd4+ 38. Qe3 Qxe3+ 39. Rxe3 Kf6 40. Rh3
Rh8 41. Re3 f4 42. Rd3 Rh7 0-1

[Event "Gausdal Classics Elo"]
[Site "Gausdal NOR"]
[Date "2005.04.18"]
[Round "6"]
[White "Carlsen, Ellen Oen"]
[Black "Ayoub, Paul"]
[Result "1-0"]
[WhiteElo "1871"]
[BlackElo "1180"]
[PlyCount "37"]
[EventDate "2005.04.14"]
[EventType "swiss"]
[EventRounds "9"]
[EventCountry "NOR"]
[Source "lmi"]
[SourceDate "2005.04.22"]

1. e4 g6 2. d4 Bg7 3. Nf3 d6 4. c4 Nf6 5. Nc3 O-O 6. Be2 Nbd7 7. O-O Re8 8. Bg5
e5 9. d5 Nc5 10. b4 Ncd7 11. Qd2 c5 12. dxc6 bxc6 13. Qxd6 Bb7 14. c5 Qb8 15.
Rfd1 Qxd6 16. Rxd6 Rf8 17. Rad1 Rad8 18. Bxf6 Bxf6 19. Rxd7 1-0

[Event "Gausdal Classics Elo"]
[Site "Gausdal NOR"]
[Date "2005.04.18"]
[Round "6"]
[White "Forsaa, Espen"]
[Black "Bryn, Askild"]
[Result "1-0"]
[WhiteElo "2036"]
[BlackElo "2027"]
[PlyCount "49"]
[EventDate "2005.04.14"]
[EventType "swiss"]
[EventRounds "9"]
[EventCountry "NOR"]
[Source "lmi"]
[SourceDate "2005.04.22"]

1. e4 c5 2. Nf3 Nc6 3. Nc3 g6 4. Bb5 Bg7 5. d3 Nd4 6. Nxd4 cxd4 7. Nd5 e6 8.
O-O exd5 9. exd5 Ne7 10. d6 Nf5 11. Re1+ Kf8 12. Bf4 g5 13. Qg4 gxf4 14. Qxf5
Qf6 15. Qc5 Bh6 16. Bc4 Kg7 17. Bxf7 Rf8 18. Bd5 a5 19. Re7+ Kh8 20. Rae1 f3
21. Bxf3 Bf4 22. Be4 Bxh2+ 23. Kh1 Bxd6 24. Rxh7+ Kg8 25. Qh5 1-0

[Event "Gausdal Classics Elo"]
[Site "Gausdal NOR"]
[Date "2005.04.18"]
[Round "6"]
[White "Gupta, Sudhir"]
[Black "Bue, Gunnar"]
[Result "1-0"]
[WhiteElo "1412"]
[BlackElo "1950"]
[PlyCount "89"]
[EventDate "2005.04.14"]
[EventType "swiss"]
[EventRounds "9"]
[EventCountry "NOR"]
[Source "lmi"]
[SourceDate "2005.04.22"]

1. e4 d6 2. Nf3 g6 3. Nc3 Bg7 4. d4 Nf6 5. Bf4 Bg4 6. Be2 c6 7. h3 Bxf3 8. Bxf3
b5 9. e5 Nh5 10. Bxh5 gxh5 11. a3 dxe5 12. Bxe5 Bxe5 13. dxe5 Qxd1+ 14. Rxd1
Nd7 15. f4 O-O-O 16. Kf2 Nb6 17. b3 a5 18. Rxd8+ Rxd8 19. Rd1 Rxd1 20. Nxd1 Nd5
21. Kf3 c5 22. Ke4 e6 23. c4 Nc7 24. Nb2 b4 25. a4 Kd7 26. Nd3 Kc6 27. f5 h4
28. f6 Nd5 29. Nf4 Nc7 30. Kf3 Nd5 31. Nxe6 Nxf6 32. Nd8+ Kd7 33. Nb7 Ne8 34.
Nxc5+ Kc6 35. Nd3 Nc7 36. Kg4 Ne6 37. Kf5 Nd4+ 38. Kf6 Nxb3 39. Kxf7 Nd4 40. e6
Nf5 41. e7 Nd6+ 42. Kf8 Kd7 43. Nc5+ Kc6 44. Nb3 Kd7 45. c5 1-0

[Event "Gausdal Classics Elo"]
[Site "Gausdal NOR"]
[Date "2005.04.18"]
[Round "6"]
[White "Hobber, Anders"]
[Black "Standal, Bard"]
[Result "1/2-1/2"]
[WhiteElo "1186"]
[BlackElo "1949"]
[PlyCount "30"]
[EventDate "2005.04.14"]
[EventType "swiss"]
[EventRounds "9"]
[EventCountry "NOR"]
[Source "lmi"]
[SourceDate "2005.04.22"]

1. e4 c5 2. Nf3 d6 3. Bb5+ Bd7 4. Bxd7+ Nxd7 5. O-O g6 6. c3 Bg7 7. d4 cxd4 8.
cxd4 e5 9. d5 Ngf6 10. Nc3 a6 11. Be3 O-O 12. h3 Rc8 13. a4 Nc5 14. Nd2 Ncd7
15. Nf3 Nc5 1/2-1/2

[Event "Gausdal Classics Elo"]
[Site "Gausdal NOR"]
[Date "2005.04.18"]
[Round "6"]
[White "Schaefer, Alexander"]
[Black "Johansson, Per"]
[Result "1/2-1/2"]
[WhiteElo "2035"]
[BlackElo "2048"]
[PlyCount "43"]
[EventDate "2005.04.14"]
[EventType "swiss"]
[EventRounds "9"]
[EventCountry "NOR"]
[Source "lmi"]
[SourceDate "2005.04.22"]

1. e4 c6 2. d4 d5 3. Nc3 dxe4 4. Nxe4 Nf6 5. Nxf6+ gxf6 6. Be3 Bf5 7. Bd3 Bg6
8. Ne2 e6 9. c3 Bd6 10. Qc2 Qc7 11. O-O-O Nd7 12. Rhe1 O-O-O 13. g3 a6 14. f4
Bxd3 15. Qxd3 f5 16. Ng1 Nf6 17. Nf3 Ne4 18. Nd2 Nf6 19. Qc2 h5 20. Nf3 Ne4 21.
Nd2 Nf6 22. Nf3 1/2-1/2

[Event "Gausdal Classics Elo"]
[Site "Gausdal NOR"]
[Date "2005.04.18"]
[Round "6"]
[White "Svensen, Tarjei Joten"]
[Black "Tallaksen, Levi Andre"]
[Result "1/2-1/2"]
[WhiteElo "2099"]
[BlackElo "1391"]
[PlyCount "127"]
[EventDate "2005.04.14"]
[EventType "swiss"]
[EventRounds "9"]
[EventCountry "NOR"]
[Source "lmi"]
[SourceDate "2005.04.22"]

1. d4 Nf6 2. Bg5 e6 3. e4 h6 4. Bxf6 Qxf6 5. c3 b6 6. g3 Bb7 7. Bg2 Qd8 8. f4
d6 9. Nd2 Nd7 10. Qe2 Nf6 11. Ngf3 c5 12. O-O Qc7 13. b4 Be7 14. bxc5 dxc5 15.
Ne5 Bd6 16. Qb5+ Nd7 17. Ndc4 Rf8 18. Nxd7 Bc6 19. Qb2 Qxd7 20. d5 exd5 21.
exd5 Bb7 22. Rfe1+ Kd8 23. Ne5 Bxe5 24. fxe5 Kc7 25. a4 Rae8 26. c4 f6 27. e6
Qd6 28. a5 Re7 29. Reb1 Rb8 30. axb6+ axb6 31. Qb5 Ra8 32. Rxa8 Bxa8 33. Ra1
Bb7 34. Rb1 Ba8 35. Be4 Bb7 36. Bf5 Bc8 37. Qb2 Bb7 38. Bg6 Ba6 39. Qb3 Bb7 40.
Bf7 Bc8 41. Re1 Bb7 42. Qb5 Qd8 43. Rd1 Qd6 44. Rb1 Bc8 45. Be8 Bb7 46. Bd7 f5
47. Bc6 Bxc6 48. Qxb6+ Kc8 49. Qa6+ Kd8 50. Re1 Kc7 51. dxc6 Qd4+ 52. Kf1 Qd3+
53. Kg1 Qd4+ 54. Kh1 Qf2 55. Qb7+ Kd6 56. Rd1+ Kxe6 57. c7 Kf6 58. Qc6+ Kg5 59.
c8=Q Re1+ 60. Rxe1 Qxe1+ 61. Kg2 Qe2+ 62. Kh3 Qg4+ 63. Kg2 Qe2+ 64. Kg1 1/2-1/2

[Event "Gausdal Classics Elo"]
[Site "Gausdal NOR"]
[Date "2005.04.18"]
[Round "6"]
[White "Valla, Martin"]
[Black "Tjolsen, Katrine"]
[Result "1-0"]
[WhiteElo "2050"]
[BlackElo "1361"]
[PlyCount "37"]
[EventDate "2005.04.14"]
[EventType "swiss"]
[EventRounds "9"]
[EventCountry "NOR"]
[Source "lmi"]
[SourceDate "2005.04.22"]

1. d4 d5 2. c4 c6 3. Nf3 Nf6 4. Nc3 e6 5. Bg5 dxc4 6. e4 b5 7. e5 h6 8. Bh4 g5
9. Nxg5 Nd5 10. Nxf7 Qxh4 11. Nxh8 Bb4 12. Rc1 c5 13. dxc5 Qg5 14. Be2 Nd7 15.
O-O Bxc3 16. Rxc3 Nxc3 17. Bh5+ Kf8 18. Qf3+ Kg7 19. Qf7+ 1-0

[Event "Gausdal Classics Elo"]
[Site "Gausdal NOR"]
[Date "2005.04.19"]
[Round "7"]
[White "Aandal, Kristian"]
[Black "Valla, Martin"]
[Result "0-1"]
[WhiteElo "1918"]
[BlackElo "2050"]
[PlyCount "64"]
[EventDate "2005.04.14"]
[EventType "swiss"]
[EventRounds "9"]
[EventCountry "NOR"]
[Source "lmi"]
[SourceDate "2005.04.22"]

1. d4 Nf6 2. c4 g6 3. Nc3 Bg7 4. e4 d6 5. f4 O-O 6. Nf3 c5 7. d5 e6 8. Be2 exd5
9. cxd5 Bg4 10. O-O Nbd7 11. Re1 Re8 12. h3 Bxf3 13. Bxf3 Qa5 14. Be3 b5 15. a3
Nb6 16. e5 Nc4 17. exf6 Nxe3 18. Rxe3 Rxe3 19. fxg7 Rae8 20. Qc2 f5 21. Ne2 b4
22. Ng3 bxa3 23. Rxa3 Rxa3 24. bxa3 Qxa3 25. Kh2 Qb4 26. Nxf5 Qxf4+ 27. Ng3 Re5
28. Bg4 Re3 29. Bf3 Re5 30. Bg4 h6 31. Be6+ Kxg7 32. Qa4 Qxa4 0-1

[Event "Gausdal Classics Elo"]
[Site "Gausdal NOR"]
[Date "2005.04.19"]
[Round "7"]
[White "Bryn, Askild"]
[Black "Svensen, Tarjei Joten"]
[Result "0-1"]
[WhiteElo "2027"]
[BlackElo "2099"]
[PlyCount "80"]
[EventDate "2005.04.14"]
[EventType "swiss"]
[EventRounds "9"]
[EventCountry "NOR"]
[Source "lmi"]
[SourceDate "2005.04.22"]

1. Nf3 Nf6 2. d4 d5 3. g3 e6 4. Bg2 Be7 5. O-O O-O 6. Nbd2 b6 7. b3 Bb7 8. Bb2
a5 9. a3 c5 10. c3 Nbd7 11. Re1 Qc7 12. Rc1 Rac8 13. e3 Rfd8 14. c4 dxc4 15.
Nxc4 Ne4 16. Qc2 b5 17. Nce5 Ndf6 18. Qe2 Qb6 19. Bf1 b4 20. a4 Nd5 21. Nc4 Qa7
22. Nfd2 Ndc3 23. Qh5 Rd5 24. Qh3 Ng5 25. Qg2 cxd4 26. e4 Rdd8 27. Bd3 f5 28.
f3 fxe4 29. fxe4 Qc5 30. h4 Nf7 31. Qh3 e5 32. Rf1 Rc6 33. Rf2 Bc8 34. Qg2 Nh6
35. Rcf1 Ng4 36. Rf3 Ne3 37. Nxe3 dxe3 38. Bc4+ Kh8 39. Bxc3 bxc3 40. Nb1 e2+
0-1

[Event "Gausdal Classics Elo"]
[Site "Gausdal NOR"]
[Date "2005.04.19"]
[Round "7"]
[White "Bue, Gunnar"]
[Black "Schaefer, Alexander"]
[Result "0-1"]
[WhiteElo "1926"]
[BlackElo "2035"]
[PlyCount "80"]
[EventDate "2005.04.14"]
[EventType "swiss"]
[EventRounds "9"]
[EventCountry "NOR"]
[Source "lmi"]
[SourceDate "2005.04.22"]

1. d4 Nf6 2. c4 e6 3. Nf3 b6 4. e3 Bb7 5. Bd3 c5 6. O-O Be7 7. Nc3 O-O 8. b3 d6
9. Bb2 Nbd7 10. Qe2 a6 11. Rfd1 Qc7 12. Rac1 Rac8 13. a3 Qb8 14. b4 cxb4 15.
axb4 Bd8 16. e4 Bc7 17. d5 exd5 18. Nxd5 Bxd5 19. exd5 Rfe8 20. Qc2 Re7 21. Re1
Rce8 22. Rxe7 Rxe7 23. Re1 Qe8 24. Rxe7 Qxe7 25. h3 h6 26. Nd4 Qe1+ 27. Kh2
Qxb4 28. Bc3 Qa3 29. Nc6 Ne5 30. Bf5 Nxc6 31. Bxf6 gxf6 32. dxc6 Qc5 33. g3
Qxc6 34. Be4 Qc5 35. Bd5 b5 36. Qf5 Kg7 37. Qd7 Qxf2+ 38. Bg2 Bb6 39. Qg4+ Kh7
40. Qe4+ f5 0-1

[Event "Gausdal Classics Elo"]
[Site "Gausdal NOR"]
[Date "2005.04.19"]
[Round "7"]
[White "Johansson, Per"]
[Black "Nyland, Thomas"]
[Result "0-1"]
[WhiteElo "2048"]
[BlackElo "2090"]
[PlyCount "86"]
[EventDate "2005.04.14"]
[EventType "swiss"]
[EventRounds "9"]
[EventCountry "NOR"]
[Source "lmi"]
[SourceDate "2005.04.22"]

1. d4 Nf6 2. Nf3 d5 3. c4 c6 4. Nbd2 Bf5 5. g3 e6 6. Bg2 Bd6 7. O-O Nbd7 8. Qb3
Qb6 9. c5 Qxb3 10. Nxb3 Bc7 11. Bf4 Bxf4 12. gxf4 O-O-O 13. Nbd2 Nh5 14. e3 f6
15. Nh4 Bd3 16. Rfc1 e5 17. Bf3 g6 18. Rc3 Ba6 19. fxe5 fxe5 20. Bg4 exd4 21.
exd4 Nf4 22. Re3 Rde8 23. Rae1 Kd8 24. Bxd7 Kxd7 25. Rxe8 Rxe8 26. Rxe8 Kxe8
27. Nhf3 Nd3 28. b3 Nc1 29. a3 Ke7 30. Kg2 Kf6 31. Kg3 Ne2+ 32. Kg4 Bd3 33. Kh3
Be4 34. b4 Bxf3 35. Nxf3 Kf5 36. a4 Ke4 37. Ng5+ Kxd4 38. Ne6+ Kc4 39. Nd8 d4
40. Kg2 d3 41. Kf1 Kc3 42. b5 d2 43. Kxe2 Kc2 0-1

[Event "Gausdal Classics Elo"]
[Site "Gausdal NOR"]
[Date "2005.04.19"]
[Round "7"]
[White "Schnabel, Ralf"]
[Black "Forsaa, Espen"]
[Result "0-1"]
[WhiteElo "2184"]
[BlackElo "2036"]
[PlyCount "62"]
[EventDate "2005.04.14"]
[EventType "swiss"]
[EventRounds "9"]
[EventCountry "NOR"]
[Source "lmi"]
[SourceDate "2005.04.22"]

1. e4 c5 2. Nf3 d6 3. d4 cxd4 4. Nxd4 Nf6 5. Nc3 g6 6. Be2 Bg7 7. O-O O-O 8.
Re1 Nc6 9. Nb3 a6 10. Bf1 b5 11. a4 b4 12. Nd5 a5 13. Bg5 Nxd5 14. exd5 Ne5 15.
h3 h6 16. Be3 Bb7 17. Bd4 Bxd5 18. f4 Bxb3 19. fxe5 dxe5 20. Bxe5 Qxd1 21.
Raxd1 Bxc2 22. Rc1 Bxa4 23. Bxg7 Kxg7 24. Rxe7 Bb3 25. Rcc7 a4 26. Bc4 Bxc4 27.
Rxc4 a3 28. bxa3 bxa3 29. Rc1 a2 30. Ra1 Rfb8 31. Ree1 Rb2 0-1